000 00262nam a22001217a 4500
008 181217b xxu||||| |||| 00| 0 eng d
041 _aeng
080 _a004
100 _a28
101 _aSHK
245 _aAmira Advanced Visualization
_cTGS
942 _2udc
_cBK
999 _c53137
_d53137